Mengatasi masalah teknikal bagi telefon bimbit

Bibliographic Details
Main Author: Sriwijaya
Other Authors: Mohd Faizal Arifin, Muhamad Alfa
Format: Book
Published: Kuala Lumpur : Synergy Books International , 20--
Subjects:

MARC

LEADER 00000cam a2200000 7i4500
001 0000123647
005 20080919.0
020 |a 9789673220564 
090 0 0 |a 621.38456   |b SRI 
100 0 |a Sriwijaya 
245 1 0 |a Mengatasi masalah teknikal bagi telefon bimbit   |c Sriwijaya & Muhamad Alfa, Mohd Faizal Arifin 
260 |a Kuala Lumpur :   |b Synergy Books International ,   |c 20-- 
300 |a 104p. ;   |c 26cm. 
650 0 0 |a Cellular telephone systems 
650 0 0 |a Cellular telephones   |x Maintenance and repair 
700 0 |a Mohd Faizal Arifin 
700 0 |a Muhamad Alfa 
999 |a 00218534   |b BUKU   |c PINJAMAN   |e PERPUSTAKAAN KOMUNITI PETALING JAYA